Hlavní problém: Nedostatek kapitálu. Zákon o dani z příjmu teď již prakticky znemožňuje leasing nemovitostí.
Leasing - jeden z faktorov, ktorý napomáha oživeniu ekonomiky. Záujmy firiem podnikajúcich v tejto oblasti háji Asociácia leasingových spoločností ČR. Nesúhlas s niektorými zákonmi, ktoré ovplyvnili leasingové podnikanie. Leasing nehnuteľností je neprevádzateľný. Nedostatok vlastného kapitálu taktie...
Guardado en:
| Autor principal: | |
|---|---|
| Formato: | Capítulo de libro |
| Lenguaje: | checo |
| Materias: | |
| Etiquetas: |
Sin Etiquetas, Sea el primero en etiquetar este registro!
|
MARC
| LEADER | 00000naa a2200000 4500 | ||
|---|---|---|---|
| 001 | r012862 | ||
| 005 | 20221213081126.1 | ||
| 041 | 0 | |a cze | |
| 044 | |a CZ | ||
| 245 | 1 | 0 | |a Hlavní problém: Nedostatek kapitálu. |b Zákon o dani z příjmu teď již prakticky znemožňuje leasing nemovitostí. |c M. Kříž |
| 520 | |a Leasing - jeden z faktorov, ktorý napomáha oživeniu ekonomiky. Záujmy firiem podnikajúcich v tejto oblasti háji Asociácia leasingových spoločností ČR. Nesúhlas s niektorými zákonmi, ktoré ovplyvnili leasingové podnikanie. Leasing nehnuteľností je neprevádzateľný. Nedostatok vlastného kapitálu taktiež u bánk hlavným problémom. | ||
| 610 | 2 | 0 | |a lízing |
| 610 | 2 | 0 | |a Asociace leasingových společností ČR |
| 610 | 2 | 0 | |a nehnuteľnosti |
| 610 | 2 | 0 | |a kapitál |
| 610 | 2 | 0 | |a Čechy |
| 610 | 2 | 0 | |a dane z príjmov |
| 100 | 1 | |a Kříž, M. | |